• 首页
  • 本馆介绍
  • 公告通知
  • 最新文献
  • 馆藏检索
  • 电子资源
  • 读者导购
  • 参考咨询
  • 我的图书馆
  • 登录
  • 详细信息显示
  • 放入我的书架
  • 预约/预借图书
  • 作者相关作品
  • 分类相关作品
  • 丛书相关作品
  • 出版社相关作品

书目信息

  • 表格格式
  • 工作单格式
  • 卡片格式
书名: The Cauchy problem
作者: H.O. Fattorini ; foreword by Felix Browder.
分册号:
分册名:
出版地: Reading, Mass. :
 
出版社: Addison-Wesley, Advanced Book Program/World Science Division
出版时间: 1983.
页数: xxii, 636 p. :
开本: 24 cm.
丛书名: Encyclopedia of mathematics and its applications
中图分类号:
科图分类号:
其他分类号: O1-61
主题词:
电子资源:
000 01112cam 22003130a 4504
001 E0753291903
003 CaOON
005 20070302144930.71
008 030928s1983 maua b 0011 eng l
010    @a82022669 //r84
020    @a0201135175.
040    @aDLC@beng@cDLC@dCaOONL
050 00 @aQA378@b.F37 1983
082 0  @a515.3/54
090    @aP154/W167
090    @aO1-61
099    @dO1-61@ex1:18
100 1  @aFattorini, H. O.@q(Hector O.),@d1938-
245 14 @aThe Cauchy problem / @cH.O. Fattorini ; foreword by Felix Browder.
260 0  @aReading, Mass. :@bAddison-Wesley, Advanced Book Program/World Science Division,@c1983.
300    @axxii, 636 p. :@bill. ;@c24 cm.
440  0 @aEncyclopedia of mathematics and its applications ;@vv. 18.
500    @aIncludes index.
504    @aBibliography: p. 510-626.
650  0 @aInitial value problems.
650  0 @aCauchy problem.
830  0 @aEncyclopedia of mathematics and its applications ;@vv. 18.
830  0 @aEncyclopedia of mathematics and its applications.@pSection, Analysis.
920    @a232010@z2
    
    The Cauchy problem / / H.O. Fattorini ; foreword by Felix Browder.-Reading, Mass. : : Addison-Wesley, Advanced Book Program/World Science Division, , 1983.
    xxii, 636 p. : : ill. ; ; 24 cm.- (Encyclopedia of mathematics and its applications ; v. 18. )
    Includes index.-Bibliography: p. 510-626.
    
    ISBN 0201135175.
    
●
相关链接 在E读中查询图书 在五车中查询图书 在当当中查询图书 在豆瓣中查询图书


正题名:Cauchy problem     索取号:O1-61/x1:18         预约/预借

序号 登录号 条形码 馆藏地/架位号 状态 备注
1 180636   000455180   第四借阅区/ [索取号:O1-61/x1:18] 在馆    
唐山师范学院图书馆 欢迎您!
大连网信软件有限公司© 版权所有